00551nam a2200181Ia 450000500170000000800410001702000150005808200130007310000130008624500430009925000080014226000400015030000120019050000510020294200060025395200950025999900150035420250701165949.0240331s9999 xx 000 0 und d a9552088690 bSARa800 aSarath,L 0aParani ladiva Sinhala Demala sabadatha a3rd aColombobS. Godage & Brothersc2006 a72 p ., aSinhala - Tamil Relations in Ancient Sri Lanka cL 001040708LaWERCLbWERCLcSSCd2024-03-31l0o 800 SARp6337r2024-03-31w2024-03-31yL c5165d5165